000 00698nam a22002177a 4500
999 _c19775
_d19775
003 AR-CdUCM
008 190228b ||||| |||| 00| 0 spa d
040 _aMUNICIPALIDAD PROVINCIAL DEL CUSCO
_cBIBLIOTECA MUNICIPAL DEL CUSCO
041 _heng.
082 _a301.7 /
_bL54
100 _aLewis, Oscar
_96461
245 _aLos hijos de Sanchez :
_bAutobiografía de una familia Mexicana /
260 _aMexico :
_bJoaquin Mortiz,
_c1965.
300 _a521 pagina ;
_c23 cm.
505 _aContenido : Los cuatro hijos Manuel -- Roberto -- Consuelo -- Marta...
650 _aSociologia
_9276
650 _aFamilia
_92366
650 _aCambio social
_95168
942 _2ddc
_cLIBROS
945 _arcc